NY Notary Exam Vocabulary - Statistics

General Stats
  • This quiz has been taken 2 times
  • The average score is 5 of 49
Answer Stats
Hint Answer % Correct
A solemn declaration made by persons who conscientiously decline taking an oath; it is equivalent to an oath and is just as binding; if a person has religious or conscientious scruples against taking an oath, the notary public should have the person affirm. Affirmation
100%
An instrument made subsequent to a will and modifying it in some respects. Codicil
50%
Anything of value given to induce entering into a contract; it may be money, personal services, or even love and affection. Consideration
50%
Behavior disrespectful of the authority of a court which disrupts the execution of court orders Contempt of Court
50%
One named in a will to carry out the provisions of the will. Executor
50%
A crime punishable by death or imprisonment in a state prison. Felony
50%
A person in charge of a minor’s person or property. Guardian
50%
Any crime other than a felony Misdemeanor
50%
The disposition of one’s property to take effect after death. Will
50%
A person appointed by the court to manage the estate of a deceased person who left no will. Administrator
0%
Department of State authentication attached to a notarized and county certified document for possible international use. Apostile
0%
To witness the execution of a written instrument, at the request of the person who makes it, and subscribe the same as a witness. Attest
0%
That clause (e.g., at the end of a will) wherein the witnesses certify that
the instrument has been executed before them, and the manner of the
execution of the same.
Attestation Clause
0%
A certificate subjoined by a county clerk to any certificate of proof or
acknowledgment or oath signed by a notary; this county clerk’s certificate
authenticates or verifies the authority of the notary public to act as such.
(See §133, Executive Law.)
Authentication (Notarial)
0%
A written instrument given to pass title of personal property from vendor to vendee. Bill of Sale
0%
A copy of a public record signed and certified as a true copy by the public official having custody of the original. Certified Copy
0%
Personal property, such as household goods or fixtures. Chattel
0%
A writing or writings which evidence both an obligation to pay money and a security interest in a lease or specific goods. The agreement which creates or provides for the security interest is known as a security agreement. Chattel Paper
0%
An agreement between competent parties to do or not to do certain things
for a legal consideration, whereby each party acquires a right to what the
other possesses.
Contract
0%
Every instrument, in writing, except a will, by which any estate or interest in real property is created, transferred, assigned or surrendered. Conveyance (Deed)
0%
See “Authentication (Notarial).” County Clerk’s Certificate
0%
One who makes oath to a written statement. Technically, a person subscribing a deposition but used interchangeably with “Affiant.” Deponent
0%
The testimony of a witness taken out of court or other hearing proceeding,
under oath or by affirmation, before a notary public or other person,
officer or commissioner before whom such testimony is authorized by law
to be taken, which is intended to be used at the trial or hearing.
Deposition
0%
Unlawful constraint exercised upon a person whereby he is forced to do some act against his will. Duress
0%
The placing of an instrument in the hands of a person as a depository who on the happening of a designated event, is to deliver the instrument to a third person. This agreement, once established, should be unalterable. Escrow
0%
A hearing or examination in the presence of, or on papers filed by, one party and in the absence of the other. Ex Parte (From One Side Only)
0%
Decree of a court declaring that one individual is indebted to another and fixing the amount of such indebtedness. Judgment
0%
A jurat is that part of an affidavit where the officer (notary public) certifies that it was sworn to before him. It is not the affidavit. Jurat
0%
The delay or negligence in asserting one’s legal rights. Laches
0%
A contract whereby, for a consideration, usually termed rent, one who is
entitled to the possession of real property transfers such right to another
for life, for a term of years or at will.
Lease
0%
A legal right or claim upon a specific property which attaches to the property until a debt is satisfied. Lien
0%
The act of carrying on a lawsuit Litigation
0%
An instrument in writing, duly executed and delivered that creates a lien
upon real estate as security for the payment of a specified debt, which is
usually in the form of a bond.
Mortgage On Real Property
0%
A public officer who executes acknowledgments of deeds or writings in
order to render them available as evidence of the facts therein contained;
administers oaths and affirmation as to the truth of statements contained in
papers or documents requiring the administration of an oath. The notary’s
general authority is defined in §135 of the Executive Law; the notary has
certain other powers which can be found in the various provisions of law
set forth earlier in this publication.
Notary Public
0%
A verbal pledge given by the person taking it that his statements are made
under an immediate sense of this responsibility to God, who will punish
the affiant if the statements are false
Oath
0%
A person who starts a suit or brings an action against another. Plaintiff
0%
A written statement by an individual giving another person the power to act for him. Power of Attorney
0%
The formal declaration made by a subscribing witness to the execution of
an instrument setting forth his place of residence, that he knew the person
described in and who executed the instrument and that he saw such person
execute such instrument.
Proof
0%
A formal statement in writing by a notary public, under seal, that a certain
bill of exchange or promissory note was on a certain day presented for
payment, or acceptance, and that such payment or acceptance was refused.
Protest
0%
The laws of the State of New York do not require the use of seals by
notaries public. If a seal is used, it should sufficiently identify the notary
public, his authority and jurisdiction. It is the opinion of the Department of
State that the only inscription required is the name of the notary and the
words “Notary Public for the State of New York.”
Seal
0%
A notary public must sign the name under which he was appointed and no other. Signature of Notary Public
0%
A law established by an act of the Legislature. Statute
0%
State law which provides that certain contracts must be in writing or partially complied with, in order to be enforceable at law. Statute of Frauds
0%
A law that limits the time within which a criminal prosecution or a civil action must be started. Statute of Limitations
0%
A clause which permits the placing of a mortgage at a later date which takes priority over an existing mortgage. Subordination Clause
0%
A notary public may administer an oath or take an affidavit or
acknowledgment on Sunday. However, a deposition cannot be taken on
Sunday in a civil proceeding.
Sunday
0%
This term includes every mode authorized by law for administering an oath. Swear
0%
The act of the person named in an instrument telling the notary public that
he is the person named in the instrument and acknowledging that he
executed such instrument; also includes the act of the notary public in
obtaining satisfactory evidence of the identity of the person whose
acknowledgment is taken.
Taking an Acknowledgment
0%
The geographical place where a notary public takes an affidavit or
acknowledgment. Every affidavit or certificate of acknowledgment should
show on its face the venue of the notarial act.
Venue
0%
No matching quizzes found
Score Distribution
Percent of People with Each Score
Percentile by Number Answered
Your Score History
You have not taken this quiz